Bairros de João Pessoa - Statistics

Estatísticas Gerais
  • Esse quiz foi jogado 515 vezes
  • A pontuação média é 36 de 64
Respostas no mapa
Respostas codificadas por cores de uma escala verde-vermelha no mapa do quiz de acordo com a % correta abaixo.
 
Estatísticas das Respostas
Zona Bairro % Correto
Leste Bessa
90%
Leste Manaíra
89%
Leste Cabo Branco
86%
Norte Centro
85%
Sul Mangabeira
84%
Leste Tambaú
83%
Sul Bancários
79%
Leste Altiplano Cabo Branco
78%
Sul Valentina
77%
Norte Bairro dos Estados
72%
Sul Bairro das Industrias
70%
Sul Barra de Gramame
70%
Sul Ernesto Geisel
70%
Sul Gramame
68%
Leste Ponta do Seixas
66%
Norte Torre
66%
Leste Castelo Branco
65%
Oeste Cruz das Armas
65%
Leste Portal do Sol
65%
Sul Cristo Redentor
64%
Oeste Jaguaribe
64%
Norte Mandacarú
64%
Leste Miramar
64%
Leste Aeroclube
62%
Oeste Alto do Mateus
62%
Norte Róger
62%
Sul Água Fria
60%
Norte Bairro dos Ipês
60%
Sul Costa do Sul
59%
Oeste Oitizeiro
59%
Sul Funcionários
58%
Norte Expedicionários
57%
Leste José Américo
57%
Leste São José
57%
Sul Cidade Universitária
56%
Leste Brisamar
54%
Leste Penha
54%
Leste Tambauzinho
54%
Norte Tambiá
54%
Norte Varadouro
54%
Sul Grotão
51%
Norte Padre Zé
51%
Oeste Ilha do Bispo
48%
Norte Alto do Céu
47%
Sul Costa e Silva
47%
Sul Distrito Industrial
47%
Sul Muçumagro
47%
Sul Anatólia
45%
Sul Cuiá
45%
Sul Paratibe
45%
Norte Treze de Maio
45%
Sul Mumbaba
41%
Norte Pedro Gondim
41%
Oeste Jardim Veneza
40%
Oeste Varjão
40%
Sul Cidade dos Colibris
38%
Sul Jardim São Paulo
38%
Sul João Paulo II
37%
Sul João Agripino
35%
Sul Mussuré
32%
Sul Ernani Satiro
31%
Leste Jardim Ocenia
31%
Oeste Trincheiras
30%
Sul Planalto da Boa Esperança
26%
Nenhum quiz correspondente encontrado
Distribuição das Pontuações
Porcentagem de Pessoas com Cada Pontuação
Percentil de Números Respondidos
Sua Pontuação Histórica
Você não jogou esse quiz